<?xml version="1.0" encoding="UTF-8"?>
<marc:record xmlns:marc="http://www.loc.gov/MARC21/slim">
   <marc:leader>00000nam a2200000 a 4500</marc:leader>
   <marc:datafield ind1="1" ind2=" " tag="100">
      <marc:subfield code="a">Strelecky, John</marc:subfield>
      <marc:subfield code="4">aut</marc:subfield>
      <marc:subfield code="e">Verfasser/-in</marc:subfield>
   </marc:datafield>
   <marc:datafield ind1="0" ind2="0" tag="245">
      <marc:subfield code="a">Wiedersehen im Café am Rande der Welt</marc:subfield>
   </marc:datafield>
   <marc:datafield ind1="0" ind2="0" tag="245">
      <marc:subfield code="b">Eine inspirierende Reise zum eigenen Selbst</marc:subfield>
   </marc:datafield>
   <marc:datafield ind1=" " ind2="1" tag="264">
      <marc:subfield code="b">Dt. Taschenbuch-Verl.</marc:subfield>
      <marc:subfield code="c">2015</marc:subfield>
   </marc:datafield>
   <marc:datafield ind1="1" ind2=" " tag="520">
      <marc:subfield code="a">In dem Café begegnet John der attraktiven Jessica, die unglücklich mit ihrem Leben ist. Eingebunden in ein stressiges Arbeitsleben tut sie das, was andere von ihr erwarten, hat dabei aber ihre eigenen Ziele und Wünsche aus den Augen verloren. John wird zu ihrem Mentor und hilft ihr, sich auf den Sinn ihres Lebens zu besinnen.</marc:subfield>
   </marc:datafield>
   <marc:datafield ind1=" " ind2=" " tag="020">
      <marc:subfield code="a">9783423260732</marc:subfield>
      <marc:subfield code="9">9783423260732</marc:subfield>
   </marc:datafield>
</marc:record>
